| 000 | 00425nam a22001577a 4500 | ||
|---|---|---|---|
| 022 | _a0-340-50547-8 | ||
| 082 |
_a624 _bCla _cL-40, P-12 |
||
| 100 |
_aClancy, John _942087 |
||
| 245 |
_aSite Surveying & Leveling _cClancy, John |
||
| 250 | _a2nd ed. | ||
| 260 |
_aLondon _bEdward Arnold _cc1991 |
||
| 300 |
_avi, p 315, ; _bill. _c18 cm |
||
| 526 |
_a0 _b0 _c0 _d624_000000000000000_CLA |
||
| 650 |
_aMCE _9379 |
||
| 942 |
_2ddc _cBK |
||
| 999 |
_c546064 _d546064 |
||